Nutrición para educadores

Saved in:
Bibliografiske detaljer
Main Authors: Mataix Verdú, José (autor), Carazo Marín, Emilia (Author)
Format: Bog
Sprog:spansk
Udgivet: Madrid Díaz de Santos 2005
Udgivelse:2a. ed
Serier:Salud y Nutrición
Fag:
Tags: Tilføj Tag
Ingen Tags, Vær først til at tagge denne postø!

MARC

LEADER 00000cam a2200000 a 4500
001 UCD7044
003 CL-VaPUC
008 170309e20050000sp |||||||||||||||||spa|d
020 |a 8479786760 
082 0 4 |a 641  |b MAT  |2 21 
100 |a Mataix Verdú, José  |e autor  |9 591076 
700 0 |a Carazo Marín, Emilia  |e author  |9 590999 
245 1 0 |a Nutrición para educadores 
250 |a 2a. ed 
300 |a 728 p 
942 |c BK 
945 |d 20170309 22:28:00  |a dcastane 
260 |a Madrid  |b Díaz de Santos  |c 2005 
650 0 |a Nutrición   |9 259434 
650 0 |a Composición de los alimentos  |9 259491 
650 7 |a NUTRIENTES  |2 CL-VaPUC  |9 345765 
583 |a last modification  |c 20170309 22:28:00  |k Rodrigo Vera 
490 0 |a Salud y Nutrición 
999 |c 367210  |d 367208